000 00635nam a2200229Ia 4500
003 OSt
005 20230411143725.0
008 210423s2017 xx 000 0 und d
020 _a978-1-1389-15725
040 _cAL
041 _aeng
082 _a306.071
_223
_bLONI
100 _aLONGHURST (Brian);SMITH (Greg);BAGNALL (Gaynor);CRAWFORD (Garry);OGBORN (Miles)
_986225
245 _aIntroducing cultural studies Ed 3
250 _a3
260 _aLondon
_bRoutledge
_c2017
300 _axxvi,461
_bPB
365 _b3179.81
_cGBP
650 _aCulture
_986226
906 _acultural ; Introducing ; studies
942 _2ddc
_cBK
999 _c169654
_d169654